RESEARCH METHODOLOGY :METHODS AND TECHNIQUES (Record no. 14220)
[ view plain ]
| 000 -LEADER | |
|---|---|
| fixed length control field | 00342nam a22001457a 4500 |
| 003 - CONTROL NUMBER IDENTIFIER | |
| control field | SGT |
| 020 ## - INTERNATIONAL STANDARD BOOK NUMBER | |
| International Standard Book Number | 978-81-224-3623-5 |
| 082 ## - DEWEY DECIMAL CLASSIFICATION NUMBER | |
| Classification number | 001.42 |
| Item number | KOT |
| 100 ## - MAIN ENTRY--PERSONAL NAME | |
| Personal name | KOTHARI,C.R |
| 245 ## - TITLE STATEMENT | |
| Title | RESEARCH METHODOLOGY :METHODS AND TECHNIQUES |
| 250 ## - EDITION STATEMENT | |
| Edition statement | 3RD |
| 260 ## - PUBLICATION, DISTRIBUTION, ETC. (IMPRINT) | |
| Place of publication, distribution, etc | NEW DELHI |
| Name of publisher, distributor, etc | NEW AGE INTERNATIONAL |
| Year of Publication | 2014 |
| 300 ## - PAGE DESCRIPTION | |
| No. of Pages | 449 |
| 942 ## - ADDED ENTRY ELEMENTS (KOHA) | |
| Source of classification or shelving scheme | Dewey Decimal Classification |
| Koha item type | Books |
| Withdrawn status | Lost status | Source of classification or shelving scheme | Damaged status | Not for loan | Collection code | Home library | Current library | Shelving location | Date acquired | Vendor Name | Cost, normal purchase price | SGTU | Bill Number | Total Checkouts | Total Renewals | Full call number | Accession No. (Barcode) | Date last seen | Date last borrowed | Bill Date | Koha item type |
|---|---|---|---|---|---|---|---|---|---|---|---|---|---|---|---|---|---|---|---|---|---|
| Dewey Decimal Classification | ENGINEERING | SGT Engineering Library | SGT Engineering Library | Text Book | 26/12/2017 | KIRTI PRAKASHAN (NEW DELHI ) | 275.00 | SGTU | IN1297 | 26 | 2 | 001.42 KOT | FE6861 | 12/06/2025 | 05/06/2025 | Books | |||||
| Dewey Decimal Classification | ENGINEERING | SGT Engineering Library | SGT Engineering Library | Text Book | 26/12/2017 | KIRTI PRAKASHAN (NEW DELHI ) | 275.00 | SGTU | IN1297 | 35 | 001.42 KOT | FE6862 | 01/06/2026 | 01/06/2026 | Books | ||||||
| Dewey Decimal Classification | ENGINEERING | SGT Engineering Library | SGT Engineering Library | Text Book | 26/12/2017 | KIRTI PRAKASHAN (NEW DELHI ) | 275.00 | SGTU | IN1297 | 28 | 1 | 001.42 KOT | FE6863 | 10/06/2025 | 02/06/2025 | Books | |||||
| Dewey Decimal Classification | ENGINEERING | SGT Engineering Library | SGT Engineering Library | Text Book | 26/12/2017 | KIRTI PRAKASHAN (NEW DELHI ) | 275.00 | SGTU | IN1297 | 32 | 2 | 001.42 KOT | FE6864 | 16/05/2025 | 15/05/2025 | Books | |||||
| Dewey Decimal Classification | ENGINEERING | SGT Engineering Library | SGT Engineering Library | Text Book | 26/12/2017 | KIRTI PRAKASHAN (NEW DELHI ) | 275.00 | SGTU | IN1297 | 44 | 1 | 001.42 KOT | FE6865 | 12/06/2025 | 10/06/2025 | Books |